| 000 | 00408nam a22001337a 4500 | ||
|---|---|---|---|
| 005 | 20250724182130.0 | ||
| 008 | 250724b |||||||| |||| 00| 0 eng d | ||
| 020 | _a9780802823298 | ||
| 050 |
_aBS 440 _bTHE |
||
| 245 |
_aTHEOLOGICAL DICTIONARY OF THE OLD TESTAMENT _cEDITED BY G. JOHANNES BOTTERWECK & HELMER RINGGREN |
||
| 250 | _aVOL. 5 | ||
| 260 |
_aMICHIGAN _bWILLIAM B. EERDMAN _cc1986 |
||
| 942 |
_2lcc _cREF _n0 |
||
| 999 |
_c7156 _d7156 |
||